Producir para vivir: los caminos de la producción no capitalista
I tiakina i:
| Kaituhi matua: | |
|---|---|
| Hōputu: | Pukapuka |
| Reo: | Pāniora |
| I whakaputaina: |
Ciudad de México
Fondo de Cultura Económica
2011
|
| Putanga: | 1a. ed |
| Rangatū: | Sección de Obras de Sociología
|
| Ngā marau: | |
| Ngā Tūtohu: |
Tāpirihia he Tūtohu
Kāore He Tūtohu, Me noho koe te mea tuatahi ki te tūtohu i tēnei pūkete!
|
MARC
| LEADER | 00000cam a2200000 a 4500 | ||
|---|---|---|---|
| 001 | UCG7672 | ||
| 003 | CL-VaPUC | ||
| 008 | 110905e20110000MX |||||||||||||||||spa|d | ||
| 020 | |a 9786071605399 | ||
| 082 | 0 | 4 | |a 334.6 |b SAN |2 21 |
| 100 | 0 | |a Santos, Boaventura de Sousa |e author |9 558161 | |
| 245 | 1 | 0 | |a Producir para vivir: los caminos de la producción no capitalista |
| 250 | |a 1a. ed | ||
| 300 | |a 406 p | ||
| 942 | |c BK | ||
| 945 | |d 20110905 00:00:00 |a dcastane | ||
| 260 | |a Ciudad de México |b Fondo de Cultura Económica |c 2011 | ||
| 650 | 0 | |a Teoría económica |9 315055 | |
| 650 | 0 | |a Desarrollo económico |9 259599 | |
| 650 | 0 | |a Participación ciudadana |9 330304 | |
| 650 | 0 | |a Globalización |9 361930 | |
| 583 | |a last modification |c 20110905 13:21:00 |k Rodrigo Vera | ||
| 490 | 0 | |a Sección de Obras de Sociología | |
| 999 | |c 345456 |d 345454 | ||
| 952 | |0 0 |1 0 |4 0 |6 334_600000000000000_SAN_2011 |7 0 |8 A |9 444188 |a BIBEDU |b BIBEDU |d 2019-11-22 |i 4789504 |o 334.6 SAN 2011 |p 4789504 |r 2019-11-22 |w 2019-11-22 |y BK |k PSI | ||